[Event "23. Copenhagen Open  (Politiken Cup)"]
[Site "Copenhagen"]
[Date "2001.07.19"]
[Round "4"]
[White "Laursen, Niels Norskov"]
[Black "Sylvan, Jacob"]
[Result "1-0"]
[WhiteElo "2107"]
[BlackElo "2272"]
[PlyCount "79"]
[EventDate "2001.07.16"]
[EventType "swiss"]
[EventRounds "11"]
[EventCountry "DEN"]
[SourceDate "2004.01.01"]

1. e4 c5 2. Nf3 d6 3. d4 cxd4 4. Nxd4 Nf6 5. Nc3 g6 6. Be3 Bg7 7. f3 Nc6 8. Qd2
O-O 9. O-O-O d5 10. Qe1 e5 11. Nxc6 bxc6 12. exd5 Nxd5 13. Ne4 Qc7 14. Bf2 a5
15. a4 Bf5 16. g4 Be6 17. Nc5 Nf4 18. Nxe6 Nxe6 19. c3 Rab8 20. Bc4 Qe7 21. Kc2
Nf4 22. Bg3 Qb7 23. b3 Nd5 24. Qe4 Rbd8 25. h4 Qb6 26. Rhe1 Qc5 27. g5 Rfe8 28.
h5 Re6 29. h6 Bh8 30. Bh2 Qe7 31. Qg4 Red6 {#} 32. f4 f6 33. gxf6 Bxf6 34. fxe5
Kh8 35. exf6 Ne3+ 36. Rxe3 Qxe3 37. Rxd6 Qf2+ 38. Qe2 Qxe2+ 39. Bxe2 Rxd6 40.
Bxd6 1-0

[Event "23. Copenhagen Open  (Politiken Cup)"]
[Site "Copenhagen"]
[Date "2001.07.19"]
[Round "4"]
[White "Lilja, Richard"]
[Black "Laustsen, Lars"]
[Result "1-0"]
[WhiteElo "2112"]
[BlackElo "1955"]
[PlyCount "21"]
[EventDate "2001.07.16"]
[EventType "swiss"]
[EventRounds "11"]
[EventCountry "DEN"]
[SourceDate "2004.01.01"]

1. Nc3 c5 2. e4 g6 3. d4 Bg7 4. dxc5 Qa5 5. Nge2 Nf6 6. Ng3 h5 7. h4 Qxc5 8.
Be3 Qb4 9. a3 Qxb2 10. Bd4 Nc6 11. Ra2 1-0

[Event "23. Copenhagen Open  (Politiken Cup)"]
[Site "Copenhagen"]
[Date "2001.07.19"]
[Round "4"]
[White "McShane, Rod"]
[Black "Simonsen, Hans Kristian"]
[Result "0-1"]
[WhiteElo "1400"]
[BlackElo "1930"]
[PlyCount "38"]
[EventDate "2001.07.16"]
[EventType "swiss"]
[EventRounds "11"]
[EventCountry "DEN"]
[SourceDate "2004.01.01"]

1. e4 e6 2. Nf3 d5 3. d3 Nf6 4. exd5 exd5 5. Be2 Bd6 6. O-O O-O 7. Bg5 Bg4 8.
Nc3 c6 9. h3 Bh5 10. a3 Nbd7 11. Re1 Qc7 12. Qd2 h6 13. Be3 Rfe8 14. Nh4 Bg6
15. Nxg6 fxg6 16. f4 Kh7 17. Rf1 Rxe3 18. Qxe3 d4 19. Qxd4 Bc5 0-1

[Event "23. Copenhagen Open  (Politiken Cup)"]
[Site "Copenhagen"]
[Date "2001.07.19"]
[Round "4"]
[White "Moller, Arne"]
[Black "Nicolaisen, Erik"]
[Result "0-1"]
[WhiteElo "1712"]
[BlackElo "2015"]
[PlyCount "124"]
[EventDate "2001.07.16"]
[EventType "swiss"]
[EventRounds "11"]
[EventCountry "DEN"]
[SourceDate "2004.01.01"]

1. e4 c5 2. Nf3 Nc6 3. d4 cxd4 4. Nxd4 Nf6 5. Nc3 d6 6. Be2 e6 7. O-O Be7 8.
Be3 O-O 9. Kh1 a6 10. f4 Qc7 11. Bf3 Bd7 12. Qe1 Rac8 13. Rd1 b5 14. Rd2 Na5
15. Rdf2 Nc4 16. Bc1 Qc5 17. Nb3 Qc7 18. Ne2 a5 19. Ng3 e5 20. f5 Bc6 21. Nh5
a4 22. Nd2 Nb6 23. Nxf6+ Bxf6 24. Bd1 Qb7 25. Rf3 d5 26. exd5 Bxd5 27. R3f2 Bh4
28. Qxe5 f6 29. Qf4 Bxf2 30. Qxf2 Rfe8 31. Nf3 Nc4 32. c3 Re7 33. Nd4 Ne5 34.
Qg3 Kh8 35. Bf4 Rce8 36. Be2 Nc4 37. b3 axb3 38. axb3 Na3 39. Bd3 Be4 40. Bd6
Bxd3 41. Qxd3 Re3 42. Qd2 b4 43. Bxb4 Qa6 44. Kg1 Nb5 45. Ne6 Re5 46. Bc5 Qc6
47. b4 Nc7 48. Nd8 Qd5 49. Qxd5 Rxd5 50. Nc6 Rd2 51. Nd4 Ra8 52. Ne6 Raa2 53.
Bf2 Nd5 54. Bg3 Rxg2+ 55. Kh1 Nxc3 56. Rc1 Rgc2 57. Re1 Rd2 58. Nc5 Rd1 59.
Rxd1 Nxd1 60. Ne6 Rb2 61. Bd6 Ne3 62. Nd4 Rb1# 0-1

[Event "23. Copenhagen Open  (Politiken Cup)"]
[Site "Copenhagen"]
[Date "2001.07.19"]
[Round "4"]
[White "Nicolaisen, Jeppe"]
[Black "Nielsen, Michael"]
[Result "1/2-1/2"]
[WhiteElo "2047"]
[BlackElo "1789"]
[PlyCount "107"]
[EventDate "2001.07.16"]
[EventType "swiss"]
[EventRounds "11"]
[EventCountry "DEN"]
[SourceDate "2004.01.01"]

1. e4 c5 2. Nc3 Nc6 3. f4 g6 4. Nf3 Bg7 5. Bb5 Nd4 6. Bd3 d6 7. Nd5 Bg4 8. c3
Nxf3+ 9. gxf3 Bd7 10. O-O e6 11. Ne3 f5 12. Qe2 Ne7 13. Nc4 Bc6 14. exf5 exf5
15. Qe6 Bd5 16. Qxd6 Qxd6 17. Nxd6+ Kd7 18. Nc4 Bh6 19. Ne5+ Kc7 20. Be2 Bxf4
21. d4 Bxc1 22. Rfxc1 cxd4 23. cxd4+ Kd6 24. Nc4+ Ke6 25. Ne3 Rac8 26. b3 Bc6
27. Kf2 Rhd8 28. Rd1 Nd5 29. Nxd5 Bxd5 30. Rac1 Rc6 31. Bb5 Rxc1 32. Rxc1 a6
33. Bc4 g5 34. Re1+ Kf6 35. Bxd5 Rxd5 36. Ke3 Rd7 37. Kd3 Re7 38. Rf1 Ke6 39.
Rg1 h6 40. h4 Rg7 41. hxg5 hxg5 42. Kc4 Kd6 43. Rh1 Rc7+ 44. Kd3 Rg7 45. Rh6+
Kd5 46. Rf6 f4 47. Rf8 Re7 48. Rf5+ Kd6 49. Rxg5 Re3+ 50. Kc4 Rxf3 51. Rg6+ Kc7
52. Rg7+ Kb6 53. Rf7 Rf1 54. Rf6+ 1/2-1/2

[Event "23. Copenhagen Open  (Politiken Cup)"]
[Site "Copenhagen"]
[Date "2001.07.19"]
[Round "4"]
[White "Nielsen, Borge Hjerrild"]
[Black "Nielsen, Henrik Lindholt"]
[Result "1/2-1/2"]
[WhiteElo "2122"]
[BlackElo "2005"]
[PlyCount "94"]
[EventDate "2001.07.16"]
[EventType "swiss"]
[EventRounds "11"]
[EventCountry "DEN"]
[SourceDate "2004.01.01"]

1. d4 Nf6 2. c4 g6 3. Nf3 Bg7 4. g3 O-O 5. Bg2 d5 6. cxd5 Nxd5 7. O-O c6 8. Nc3
Nxc3 9. bxc3 c5 10. e3 Nc6 11. Ba3 cxd4 12. cxd4 Qa5 13. Bb2 Rd8 14. Nd2 Be6
15. Nb3 Qb5 16. Re1 Bd5 17. Bf1 Qb6 18. Ba3 e5 19. Bc5 Qc7 20. Rc1 b6 21. Ba3
Qb7 22. Bb2 Rac8 23. Qg4 Bxb3 24. axb3 f5 25. Qf3 e4 26. Qe2 Na5 27. Qb5 Qe7
28. b4 Nb7 29. Qa4 Nd6 30. Ba6 Rxc1 31. Rxc1 h5 32. Qc6 Kh7 33. h4 Ne8 34. Qa4
Nf6 35. Bc4 Ng4 36. Be2 f4 37. Bxg4 hxg4 38. Qc6 fxe3 39. fxe3 Qxb4 40. Bc3 Qa3
41. Rf1 Rf8 42. Rxf8 Bxf8 43. h5 Qc1+ 44. Kf2 Qc2+ 45. Ke1 Qb1+ 46. Kf2 Qc2+
47. Ke1 Qb1+ 1/2-1/2

[Event "23. Copenhagen Open  (Politiken Cup)"]
[Site "Copenhagen"]
[Date "2001.07.19"]
[Round "4"]
[White "Nielsen, Dagh"]
[Black "Pedersen, Kaj Vinding"]
[Result "1-0"]
[WhiteElo "1982"]
[BlackElo "1549"]
[PlyCount "73"]
[EventDate "2001.07.16"]
[EventType "swiss"]
[EventRounds "11"]
[EventCountry "DEN"]
[SourceDate "2004.01.01"]

1. d4 Nf6 2. c4 g6 3. Nc3 Bg7 4. e4 d6 5. Nf3 Bg4 6. Be2 Nbd7 7. O-O O-O 8. Bg5
h6 9. Be3 a6 10. a4 Rc8 11. a5 c5 12. d5 Nh7 13. Qd2 h5 14. Ne1 Bxe2 15. Nxe2
Ne5 16. Qc2 f5 17. exf5 Rxf5 18. Nf4 Nf8 19. Nxg6 e6 20. Nxf8 Qxf8 21. h3 exd5
22. cxd5 Qf6 23. Nd3 Nxd3 24. Qxd3 Rf8 25. b3 Qe5 26. Rad1 Qc3 27. Qe4 Re5 28.
Qd3 Qxa5 29. f4 Ref5 30. g4 hxg4 31. hxg4 R5f7 32. Rc1 Qd8 33. g5 Rf5 34. Rc4
Qe8 35. Rf2 Qf7 36. Rh2 Rxd5 37. Qh7# 1-0

[Event "23. Copenhagen Open  (Politiken Cup)"]
[Site "Copenhagen"]
[Date "2001.07.19"]
[Round "4"]
[White "Nielsen, Jan Mose"]
[Black "Molvig, Henrik"]
[Result "1/2-1/2"]
[WhiteElo "2054"]
[BlackElo "2213"]
[PlyCount "27"]
[EventDate "2001.07.16"]
[EventType "swiss"]
[EventRounds "11"]
[EventCountry "DEN"]
[SourceDate "2004.01.01"]

1. d4 Nf6 2. c4 e6 3. Nc3 d5 4. Bg5 Be7 5. Nf3 Nbd7 6. e3 O-O 7. Qc2 c5 8. Rd1
Qa5 9. cxd5 Nxd5 10. Bxe7 Nxe7 11. Bd3 Nf6 12. O-O cxd4 13. Nxd4 e5 14. Nf5
1/2-1/2

[Event "23. Copenhagen Open  (Politiken Cup)"]
[Site "Copenhagen"]
[Date "2001.07.19"]
[Round "4"]
[White "Nielsen, Jens Holm"]
[Black "Helledie, Anders"]
[Result "1-0"]
[WhiteElo "2055"]
[BlackElo "2221"]
[PlyCount "145"]
[EventDate "2001.07.16"]
[EventType "swiss"]
[EventRounds "11"]
[EventCountry "DEN"]
[SourceDate "2004.01.01"]

1. Nc3 d5 2. e4 e6 3. g3 Nf6 4. Bg2 Bb4 5. e5 Nfd7 6. Qg4 Bf8 7. f4 c5 8. Nce2
Nc6 9. c3 Qb6 10. Nh3 c4 11. Nf2 Bc5 12. d4 cxd3 13. Nxd3 O-O 14. Nxc5 Nxc5 15.
Qf3 Qc7 16. O-O b6 17. Rd1 Ba6 18. Nd4 Nd7 19. Qg4 Rfe8 20. h4 Rac8 21. Be3 Na5
22. Re1 Nc4 23. Bf1 Bb7 24. Nb5 Nxe3 25. Rxe3 Qc5 26. Rae1 Rf8 27. b4 Qe7 28.
Nd6 Rc7 29. Bd3 a6 30. h5 b5 31. Bb1 Kh8 32. Qe2 Nb6 33. Qd3 g6 34. Qf1 Nc4 35.
Nxc4 dxc4 36. Qh3 Kg7 37. R1e2 Rh8 38. Rh2 Rcc8 39. h6+ Kf8 40. Qg4 Rd8 41. f5
exf5 42. Bxf5 Rg8 43. Bb1 Bc8 44. Qf3 Bb7 45. Qf2 Rd1+ 46. Re1 Qd7 47. Bc2
Rxe1+ 48. Qxe1 Qd5 49. Qe3 Ke8 50. Kf1 Rf8 51. Rf2 Qc6 52. Bd1 Qh1+ 53. Ke2 Qe4
54. Qxe4 Bxe4 55. Rf6 Bb7 56. Rb6 Bc8 57. a4 Bg4+ 58. Kd2 Bxd1 59. Kxd1 bxa4
60. Rxa6 Ke7 61. Rxa4 Ke6 62. Ra5 Rd8+ 63. Kc2 Rd3 64. Rc5 Rxg3 65. Rxc4 Kxe5
66. Rc7 Rf3 67. b5 Rf2+ 68. Kb3 Rf1 69. Kc4 g5 70. Rc5+ Kf4 71. b6 Rb1 72. Rb5
Re1 73. b7 1-0

[Event "23. Copenhagen Open  (Politiken Cup)"]
[Site "Copenhagen"]
[Date "2001.07.19"]
[Round "4"]
[White "Nielsen, Marianne Izaura"]
[Black "Nielsen, Frode Benedikt"]
[Result "0-1"]
[WhiteElo "1371"]
[BlackElo "1834"]
[PlyCount "52"]
[EventDate "2001.07.16"]
[EventType "swiss"]
[EventRounds "11"]
[EventCountry "DEN"]
[SourceDate "2004.01.01"]

1. e4 e5 2. Nf3 Nf6 3. Nc3 Nc6 4. d4 exd4 5. Nxd4 Bb4 6. Nxc6 bxc6 7. Bd3 O-O
8. O-O d5 9. exd5 cxd5 10. Bg5 c6 11. Re1 Rb8 12. Re3 d4 13. Ne4 dxe3 14. Nxf6+
gxf6 15. Qh5 exf2+ 16. Kf1 Qxd3+ 17. cxd3 Rb5 18. h4 fxg5 19. Qf3 Bd7 20. h5
Re8 21. g4 Re1+ 22. Kxf2 Rxa1 23. h6 Bc5+ 24. Kg2 Rxb2+ 25. Kh3 Bd6 26. Qf6
Rh2# 0-1

[Event "23. Copenhagen Open  (Politiken Cup)"]
[Site "Copenhagen"]
[Date "2001.07.19"]
[Round "4"]
[White "Nielsen, Morten"]
[Black "Skjoldan, Benjamin"]
[Result "1/2-1/2"]
[WhiteElo "2085"]
[BlackElo "1720"]
[PlyCount "45"]
[EventDate "2001.07.16"]
[EventType "swiss"]
[EventRounds "11"]
[EventCountry "DEN"]
[SourceDate "2004.01.01"]

1. e4 c5 2. Nf3 Nc6 3. d4 cxd4 4. Nxd4 Nf6 5. Nc3 e5 6. Ndb5 d6 7. a4 a6 8. Na3
h6 9. Nc4 Be6 10. Ne3 Nb4 11. g3 d5 12. exd5 Nbxd5 13. Ncxd5 Nxd5 14. Bg2 Nxe3
15. Qxd8+ Rxd8 16. Bxe3 Bd5 17. Bxd5 Rxd5 18. Ke2 Be7 19. Rhd1 Rd7 20. Bb6 f5
21. a5 g5 22. f3 h5 23. c4 1/2-1/2

[Event "23. Copenhagen Open  (Politiken Cup)"]
[Site "Copenhagen"]
[Date "2001.07.19"]
[Round "4"]
[White "Nielsen, Peter Heine"]
[Black "Hoi, Carsten"]
[Result "1-0"]
[WhiteElo "2593"]
[BlackElo "2407"]
[PlyCount "81"]
[EventDate "2001.07.16"]
[EventType "swiss"]
[EventRounds "11"]
[EventCountry "DEN"]
[SourceDate "2004.01.01"]

1. d4 g6 2. c4 Bg7 3. e4 d6 4. Nc3 c6 5. Be2 Nf6 6. Nf3 O-O 7. O-O Nbd7 8. Qc2
e5 9. Rd1 Qe7 10. d5 c5 11. Bg5 h6 12. Bd2 Ne8 13. g3 Nb6 14. Rab1 Bg4 15. Nh4
Bh3 16. Be3 Nd7 17. a3 Kh7 18. b4 b6 19. Bf1 Bxf1 20. Rxf1 Bf6 21. Nf3 Bg5 22.
Nxg5+ hxg5 23. Qe2 Ng7 24. Qg4 f6 25. Kg2 Rac8 26. Nb5 cxb4 27. axb4 a6 28. Na3
Qf7 29. f3 Rh8 30. c5 bxc5 31. bxc5 Nxc5 32. Nc4 Qe7 33. Qh3+ Nh5 34. g4 Nd3
35. Nd2 Kg7 36. gxh5 gxh5 37. Qe6 Qxe6 38. dxe6 Rc2 39. Rb6 Rhc8 40. Rxd6 Nf4+
41. Bxf4 1-0

[Event "23. Copenhagen Open  (Politiken Cup)"]
[Site "Copenhagen"]
[Date "2001.07.19"]
[Round "4"]
[White "Nielsen, Torben"]
[Black "Tolstrup, Thomas"]
[Result "1/2-1/2"]
[WhiteElo "1840"]
[BlackElo "2108"]
[PlyCount "57"]
[EventDate "2001.07.16"]
[EventType "swiss"]
[EventRounds "11"]
[EventCountry "DEN"]
[SourceDate "2004.01.01"]

1. d4 d5 2. c4 e6 3. Nc3 Nf6 4. cxd5 exd5 5. Bf4 Be7 6. e3 c6 7. Bd3 Nbd7 8.
Nf3 Nf8 9. Rc1 Ne6 10. Bg3 O-O 11. O-O g6 12. Ne5 Ng7 13. h3 Bf5 14. Be2 Nd7
15. Qb3 Nxe5 16. Bxe5 Qb6 17. Qxb6 axb6 18. a4 Rfc8 19. g4 Be6 20. b3 Ne8 21.
f3 f6 22. Bg3 Nd6 23. Bd3 f5 24. Kg2 Re8 25. Rc2 Rac8 26. Rfc1 Nf7 27. Ne2 fxg4
28. hxg4 Bd7 29. Kf2 1/2-1/2

[Event "23. Copenhagen Open  (Politiken Cup)"]
[Site "Copenhagen"]
[Date "2001.07.19"]
[Round "4"]
[White "Nilsson, Nils Specht"]
[Black "Ward, Christopher"]
[Result "0-1"]
[WhiteElo "2218"]
[BlackElo "2493"]
[PlyCount "148"]
[EventDate "2001.07.16"]
[EventType "swiss"]
[EventRounds "11"]
[EventCountry "DEN"]
[SourceDate "2004.01.01"]

1. Nf3 c5 2. c4 Nc6 3. e4 e5 4. d3 d6 5. Nc3 g6 6. Be2 Bg7 7. h4 f5 8. h5 f4 9.
hxg6 hxg6 10. Rxh8 Bxh8 11. Nd5 Nf6 12. Bd2 Ne7 13. Nxf6+ Bxf6 14. Nh2 Kf7 15.
Bg4 Qh8 16. Nf1 Qh4 17. Bxc8 Rxc8 18. Qe2 g5 19. g4 Qh1 20. O-O-O Qg2 21. Re1
f3 22. Ne3 Qxg4 23. Qd1 Qe6 24. Qxf3 Rh8 25. Rg1 Qh3 26. Qxh3 Rxh3 27. Kc2 Rh5
28. a3 Ng6 29. Nf5 Ke6 30. Be3 Nf4 31. b4 b6 32. b5 Rh2 33. Kd2 Nh3 34. Rf1 g4
35. Kc3 Nf4 36. a4 Bg5 37. Kb3 Bh4 38. Rg1 Bxf2 39. Bxf2 Rxf2 40. Rxg4 Rf3 41.
Kc2 Rf2+ 42. Kd1 Ra2 43. Rg8 Nxd3 44. Re8+ Kf6 45. Rf8+ Kg5 46. Nxd6 Rxa4 47.
Kd2 Nb4 48. Rf5+ Kg4 49. Nf7 Ra2+ 50. Kc3 Ra3+ 51. Kb2 Re3 52. Nxe5+ Kg3 53.
Nc6 Nxc6 54. bxc6 Rxe4 55. c7 Re8 56. Kc3 Rc8 57. Rf7 a6 58. Kd3 b5 59. Ke4 b4
60. Kd5 b3 61. Kc6 a5 62. Rd7 a4 63. Rd2 Kf4 64. Rb2 Ke4 65. Kxc5 Rxc7+ 66. Kb4
Kd3 67. c5 Rb7+ 68. Ka3 Kc3 69. c6 Rc7 70. Rb1 Kc2 71. Rh1 Rxc6 72. Rh2+ Kb1
73. Rh1+ Rc1 74. Rh2 Ka1 0-1

[Event "23. Copenhagen Open  (Politiken Cup)"]
[Site "Copenhagen"]
[Date "2001.07.19"]
[Round "4"]
[White "Olesen, Michael Bonding"]
[Black "Elka, Parviz"]
[Result "0-1"]
[WhiteElo "1891"]
[BlackElo "1329"]
[PlyCount "60"]
[EventDate "2001.07.16"]
[EventType "swiss"]
[EventRounds "11"]
[EventCountry "DEN"]
[SourceDate "2004.01.01"]

1. e4 c6 2. Nc3 d5 3. Nf3 Bg4 4. h3 Bh5 5. exd5 cxd5 6. Bb5+ Nc6 7. g4 Bg6 8.
Ne5 Rc8 9. d4 e6 10. h4 f6 11. Nxg6 hxg6 12. Qd3 Kf7 13. Bxc6 bxc6 14. h5 gxh5
15. gxh5 Ne7 16. Bd2 Nf5 17. O-O-O Qb6 18. Bf4 a5 19. Ne2 Qb5 20. Qd2 c5 21.
dxc5 Bxc5 22. Nc3 Qc6 23. Qe2 Bb4 24. Rd3 Qc4 25. Bg3 Bxc3 26. bxc3 Qxa2 27.
Re1 Rhe8 28. Qg4 d4 29. Qg6+ Kg8 30. h6 dxc3 0-1

[Event "23. Copenhagen Open  (Politiken Cup)"]
[Site "Copenhagen"]
[Date "2001.07.19"]
[Round "4"]
[White "Olsen, Miriam Frida"]
[Black "Trarup, Jorgen"]
[Result "1-0"]
[WhiteElo "1604"]
[BlackElo "1298"]
[PlyCount "107"]
[EventDate "2001.07.16"]
[EventType "swiss"]
[EventRounds "11"]
[EventCountry "DEN"]
[SourceDate "2004.01.01"]

1. e4 c5 2. Nc3 e6 3. g3 a6 4. Bg2 Nc6 5. d3 Be7 6. f4 h6 7. e5 h5 8. Nf3 h4 9.
Be3 hxg3 10. hxg3 Rxh1+ 11. Bxh1 Nh6 12. Qd2 d5 13. Bf2 b5 14. Ne2 Qa5 15. d4
c4 16. Qxa5 Nxa5 17. Kd2 b4 18. Rg1 Rb8 19. g4 b3 20. a3 bxc2 21. Kxc2 Bd7 22.
Nc3 Bd8 23. Nh4 Nc6 24. g5 Ng8 25. f5 Bb6 26. Nf3 exf5 27. Nxd5 Nce7 28. Nxb6
Rxb6 29. Nd2 Ba4+ 30. Kc1 Bb5 31. Rg3 Rb8 32. Rc3 Rc8 33. a4 Bxa4 34. Rxc4 Bb5
35. Rc3 Rxc3+ 36. bxc3 Bc6 37. Bf3 Bxf3 38. Nxf3 Nd5 39. Kc2 Nge7 40. Kb3 Kd7
41. c4 Nc7 42. Kb4 Kc8 43. Kc5 Kb7 44. d5 Ng6 45. Kd6 a5 46. Be1 a4 47. Bb4 Nf4
48. Ba3 g6 49. Ke7 Na8 50. Kxf7 Nb6 51. e6 Nxc4 52. e7 Nxd5 53. e8=Q Nxa3 54.
Qxa4 1-0

[Event "23. Copenhagen Open  (Politiken Cup)"]
[Site "Copenhagen"]
[Date "2001.07.19"]
[Round "4"]
[White "Paaske, Asger"]
[Black "Zachariassen, John"]
[Result "1-0"]
[WhiteElo "2062"]
[BlackElo "1864"]
[PlyCount "73"]
[EventDate "2001.07.16"]
[EventType "swiss"]
[EventRounds "11"]
[EventCountry "DEN"]
[SourceDate "2004.01.01"]

1. e4 d5 2. exd5 Nf6 3. d4 Nxd5 4. Nf3 Bg4 5. Be2 e6 6. O-O Be7 7. h3 Bh5 8. c4
Nf6 9. Be3 O-O 10. Nc3 c6 11. g4 Bg6 12. Ne5 Nbd7 13. f4 h6 14. Nxg6 fxg6 15.
Bd3 Qe8 16. Qc2 Kh7 17. Rae1 Rc8 18. Bf2 Qf7 19. Qe2 Bd6 20. g5 Ne8 21. Bg3 Kg8
22. gxh6 Nc7 23. Ne4 Be7 24. Ng5 Qf6 25. Nxe6 Nxe6 26. Qxe6+ Qxe6 27. Rxe6 Bf6
28. Rd6 Rcd8 29. hxg7 Kxg7 30. f5 g5 31. c5 Rfe8 32. Re1 Rh8 33. Kg2 Rhf8 34.
Ree6 Kf7 35. Bc4 Kg7 36. Be5 b5 37. Bb3 1-0

[Event "23. Copenhagen Open  (Politiken Cup)"]
[Site "Copenhagen"]
[Date "2001.07.19"]
[Round "4"]
[White "Pallesen, Jacob"]
[Black "Romsdal, Trond"]
[Result "1/2-1/2"]
[WhiteElo "2061"]
[BlackElo "2225"]
[PlyCount "104"]
[EventDate "2001.07.16"]
[EventType "swiss"]
[EventRounds "11"]
[EventCountry "DEN"]
[SourceDate "2004.01.01"]

1. e4 c5 2. Nf3 e6 3. Nc3 Nc6 4. Be2 a6 5. O-O b5 6. d4 cxd4 7. Nxd4 Nge7 8.
Be3 Nxd4 9. Qxd4 Bb7 10. f4 Nc6 11. Qd3 Rc8 12. Rad1 d6 13. Bf3 Qc7 14. a4 b4
15. Ne2 Be7 16. Rd2 O-O 17. Nd4 Na5 18. b3 Nc6 19. Nxc6 Qxc6 20. Bd4 a5 21. Rc1
e5 22. Be3 f5 23. Qd5+ Qxd5 24. exd5 Rc3 25. Bb6 Bd8 26. Bxd8 Rxd8 27. Be2 Rdc8
28. fxe5 dxe5 29. Bc4 Kf8 30. Rf1 g6 31. Re2 Re8 32. g4 f4 33. Bb5 Rd8 34. Rxe5
Bxd5 35. Rxf4+ Bf7 36. Bd3 Kg8 37. Rxa5 Bxb3 38. cxb3 Rdxd3 39. Ra8+ Kg7 40.
Ra7+ Kh6 41. a5 (41. h4 $18) 41... Rd1+ 42. Kg2 Rd2+ 43. Rf2 Rxf2+ 44. Kxf2 Kg5
45. Rxh7 Rxb3 46. a6 Ra3 47. a7 b3 48. h3 b2 49. Rb7 Rxa7 50. Rxb2 Ra3 51. Kg2
Kh4 52. Rb6 Rxh3 1/2-1/2

[Event "23. Copenhagen Open  (Politiken Cup)"]
[Site "Copenhagen"]
[Date "2001.07.19"]
[Round "4"]
[White "Pedersen, Steffen"]
[Black "Johansson, Thomas"]
[Result "0-1"]
[WhiteElo "2453"]
[BlackElo "2250"]
[PlyCount "56"]
[EventDate "2001.07.16"]
[EventType "swiss"]
[EventRounds "11"]
[EventCountry "DEN"]
[SourceDate "2004.01.01"]

1. d4 g6 2. e4 Bg7 3. c4 d6 4. Nc3 f5 5. Nf3 Nh6 6. Be2 Na6 7. h4 c5 8. h5 cxd4
9. Nxd4 fxe4 10. Nxe4 Qa5+ 11. Nc3 Nb4 12. Kf1 Nf5 13. Nb3 Qb6 14. hxg6 O-O 15.
Kg1 hxg6 16. a3 Nc6 17. Nd5 Qd8 18. Bg5 Be6 19. Bd3 Bxd5 20. cxd5 Ne5 21. g4 {#
} Ng3 22. fxg3 Qb6+ 23. Kg2 Qf2+ 24. Kh3 Rf3 25. Qg1 Nxd3 26. Rf1 Qe2 27. Nc1
Nf2+ 28. Kh4 Kf7 0-1

[Event "23. Copenhagen Open  (Politiken Cup)"]
[Site "Copenhagen"]
[Date "2001.07.19"]
[Round "4"]
[White "Preuss, Flemming"]
[Black "Petersen, Peter Birk"]
[Result "0-1"]
[WhiteElo "2062"]
[BlackElo "2230"]
[PlyCount "64"]
[EventDate "2001.07.16"]
[EventType "swiss"]
[EventRounds "11"]
[EventCountry "DEN"]
[SourceDate "2004.01.01"]

1. f4 c5 2. Nf3 Nc6 3. d3 g6 4. g3 Bg7 5. Bg2 d5 6. O-O Nf6 7. Nc3 O-O 8. e4 d4
9. Na4 Nd7 10. c4 a6 11. b3 b5 12. Nb2 Nb6 13. e5 Qc7 14. Ng5 f6 15. exf6 exf6
16. Ne4 Nd7 17. Bd2 Bb7 18. Rc1 b4 19. Na4 Ne7 20. Qe1 Rac8 21. Qf2 Nf5 22.
Rfe1 Ne3 23. Rxe3 dxe3 24. Bxe3 f5 25. Nexc5 Bxg2 26. Kxg2 Rf7 27. Re1 Qc6+ 28.
Kg1 Re7 29. Nxd7 Qxd7 30. Nc5 Qd8 31. Qf3 Bd4 32. Kg2 Bxc5 0-1

[Event "23. Copenhagen Open  (Politiken Cup)"]
[Site "Copenhagen"]
[Date "2001.07.19"]
[Round "4"]
[White "Radovic, Slobodan"]
[Black "Christensen, Christian"]
[Result "0-1"]
[WhiteElo "1492"]
[BlackElo "1972"]
[PlyCount "62"]
[EventDate "2001.07.16"]
[EventType "swiss"]
[EventRounds "11"]
[EventCountry "DEN"]
[SourceDate "2004.01.01"]

1. e4 g6 2. d4 Bg7 3. f4 d6 4. Be3 Nf6 5. Bd3 Ng4 6. Qe2 Nxe3 7. Qxe3 c5 8.
Bb5+ Bd7 9. Bxd7+ Nxd7 10. Nf3 cxd4 11. Qb3 O-O 12. O-O Nc5 13. Qb4 a5 14. Qe1
Qb6 15. b4 Nxe4 16. Qxe4 d3+ 17. Kh1 Bxa1 18. Nbd2 Bg7 19. bxa5 Qxa5 20. cxd3
Qc3 21. a4 e6 22. h4 d5 23. Qe2 Rxa4 24. h5 Ra2 25. hxg6 hxg6 26. g4 Bh6 27. g5
Bg7 28. Rf2 Ra1+ 29. Kg2 Rfa8 30. Kg3 R8a3 31. Nh4 Qxd3+ 0-1

[Event "23. Copenhagen Open  (Politiken Cup)"]
[Site "Copenhagen"]
[Date "2001.07.19"]
[Round "4"]
[White "Rasmussen, Bo"]
[Black "Visweswaran, Kameswaran"]
[Result "1/2-1/2"]
[WhiteElo "2160"]
[BlackElo "2299"]
[PlyCount "67"]
[EventDate "2001.07.16"]
[EventType "swiss"]
[EventRounds "11"]
[EventCountry "DEN"]
[SourceDate "2004.01.01"]

1. d4 Nf6 2. c4 g6 3. Nc3 Bg7 4. e4 d6 5. Be2 O-O 6. Bg5 Na6 7. Qd2 e5 8. d5
Nc5 9. f3 a5 10. h4 h5 11. Nh3 Qe8 12. Nf2 a4 13. Nb5 Qd8 14. g4 hxg4 15. fxg4
Qd7 16. Nc3 c6 17. h5 gxh5 18. gxh5 Kh7 19. Bxf6 Bxf6 20. Ng4 Bg7 21. h6 Bh8
22. O-O-O a3 23. b3 Qe7 24. Ne3 f5 25. Rdg1 Bd7 26. Bh5 Rg8 27. Nxf5 Bxf5 28.
exf5 Bf6 29. Rg7+ Rxg7 30. hxg7 Bg5 31. Bg6+ Kxg7 32. Rh7+ Kf8 33. Rh8+ Kg7 34.
Rh7+ 1/2-1/2

[Event "23. Copenhagen Open  (Politiken Cup)"]
[Site "Copenhagen"]
[Date "2001.07.19"]
[Round "4"]
[White "Rasmussen, Henning Lau"]
[Black "Windekilde, Flemming"]
[Result "1-0"]
[WhiteElo "2015"]
[BlackElo "1744"]
[PlyCount "65"]
[EventDate "2001.07.16"]
[EventType "swiss"]
[EventRounds "11"]
[EventCountry "DEN"]
[SourceDate "2004.01.01"]

1. d4 Nf6 2. c4 g6 3. Nc3 d5 4. Bf4 Bg7 5. e3 c5 6. Nf3 O-O 7. Be2 cxd4 8. exd4
Nc6 9. O-O Be6 10. c5 Ne4 11. h3 b6 12. Bb5 Rc8 13. Ba6 bxc5 14. Bxc8 Bxc8 15.
Be3 cxd4 16. Nxd4 Nxd4 17. Bxd4 e5 18. Bxa7 Qa5 19. Qxd5 Qxa7 20. Qxe4 Bb7 21.
Qa4 Qc5 22. Qb5 Qc8 23. Rfe1 Qa8 24. g3 e4 25. a4 Bd4 26. a5 Qb8 27. Ne2 Bxf2+
28. Kxf2 e3+ 29. Kg1 Qa8 30. Kh2 h5 31. a6 Bf3 32. Qg5 Bxe2 33. Rxe2 1-0

[Event "23. Copenhagen Open  (Politiken Cup)"]
[Site "Copenhagen"]
[Date "2001.07.19"]
[Round "4"]
[White "Rendboe, John Filip"]
[Black "Nielsen, Nicholas Roland"]
[Result "1-0"]
[WhiteElo "2243"]
[BlackElo "2065"]
[PlyCount "53"]
[EventDate "2001.07.16"]
[EventType "swiss"]
[EventRounds "11"]
[EventCountry "DEN"]
[SourceDate "2004.01.01"]

1. d4 Nf6 2. c4 g6 3. Nc3 Bg7 4. e4 d6 5. Nf3 O-O 6. Be3 e5 7. dxe5 dxe5 8.
Qxd8 Rxd8 9. Nd5 Nxd5 10. cxd5 c6 11. Bc4 b5 12. Bb3 a5 13. a4 Bb7 14. axb5
cxd5 15. exd5 e4 16. Ng5 Bxb2 17. Rb1 Bc3+ 18. Ke2 a4 19. Nxe4 Bg7 20. Ba2 Rxd5
21. Nc5 Rxc5 22. Bxc5 Nd7 23. Be3 Bxg2 24. Rhc1 Nf6 25. b6 Rb8 26. f3 Bh3 27.
b7 1-0

[Event "23. Copenhagen Open  (Politiken Cup)"]
[Site "Copenhagen"]
[Date "2001.07.19"]
[Round "4"]
[White "Rosenberg, Jan"]
[Black "Marder, Simon"]
[Result "0-1"]
[WhiteElo "1785"]
[BlackElo "2058"]
[PlyCount "31"]
[EventDate "2001.07.16"]
[EventType "swiss"]
[EventRounds "11"]
[EventCountry "DEN"]
[SourceDate "2004.01.01"]

1. e4 Nc6 2. d4 e5 3. dxe5 Nxe5 4. f4 Ng6 5. Nf3 Bc5 6. Bc4 d6 7. Nc3 Nf6 8. f5
Ne7 9. Bg5 c6 10. Bxf6 gxf6 11. Qd2 b5 12. Bb3 h5 13. O-O-O Qb6 14. Rhe1 a5 15.
a4 b4 16. Ne2 0-1